Riyasat aur taaleem : Pakistan kay Pachas saal (Record no. 14039)

MARC details
000 -LEADER
fixed length control field 00257nam a2200097Ia 4500
008 - FIXED-LENGTH DATA ELEMENTS--GENERAL INFORMATION
fixed length control field 231207s9999 xx 000 0 und d
082 ## - DEWEY DECIMAL CLASSIFICATION NUMBER
Classification number 370
Item number RIA
100 ## - MAIN ENTRY--PERSONAL NAME
Author Name Pervez Hoodbhoy
245 #0 - TITLE STATEMENT
Title Riyasat aur taaleem : Pakistan kay Pachas saal
260 ## - PUBLICATION, DISTRIBUTION, ETC.
Name of publisher, distributor, etc. Mashal Books
999 ## -
-- 14039
-- 14039
Holdings
Withdrawn status Weedout from Library Permanent Location Current Location Shelving location Date acquired Full call number Barcode Price effective from Koha item type
    NATIONAL COLLEGE OF ARTS, LAHORE - LIBRARY NATIONAL COLLEGE OF ARTS, LAHORE - LIBRARY   08/12/2023 370 RIA 18113 08/12/2023 Book